000 00415nam a2200145Ia 4500
008 220217s9999||||xx |||||||||||||| ||und||
020 _a978-81-3120-624-9
082 _a006.746 SAY
100 _aSayood, Khalid
_91842
245 0 _aIntroduction to data compression
250 _a3rd
260 _aMargon kaufman
_bNew Delhi
_c2011
300 _aXXII,680p.;28cm
_b425
650 _aDATA FILES & DATABASE
_9695
999 _c181199
_d181199